| 000 | 004670000a22001810004500 | ||
|---|---|---|---|
| 003 | MACL | ||
| 005 | 20151023154715.0 | ||
| 008 | 151023b xxu||||| |||| 00| 0 eng d | ||
| 040 |
_aMACL _cMACL |
||
| 041 | _aEnglish | ||
| 082 | _a954/YAD | ||
| 100 |
_aYadav, K C _914765 |
||
| 245 |
_aIndia Divided 1947 _bWho did it Why How and What Now |
||
| 260 |
_bHope India Publication _c2006 _aDelhi |
||
| 350 | _a995 | ||
| 650 |
_aHistory _916522 |
||
| 942 |
_cBK _k954/YAD _2ddc |
||
| 999 |
_c42820 _d42820 |
||